000 01741nas1a22003251i 4500
001 RU\NLR\INFOCOMM9\5000121723
005 20260407104015.0
011 _a2070-2175
035 _a(NLR Aleph) 002294303
090 _a4164078
_c4164078
100 _a20051024a20039999|||y0rusy50 ca
101 0 _arus
102 _aRU
110 _aahuzz 0|y|
200 1 _aСпорт: экономика, право, управление
_eНауч.-практ. и информ. изд.
_fИзд. группа "Юрист"
210 _aМ.
_cЮрист
_d2003 -
510 1 _aSports: economics, law, management
_zeng
512 1 _aСпорт
712 0 2 _4570
_a"Юрист", издательская группа
_cМосква
_9361416
_3RU\NLR\AUTH\889933117
801 2 _aRU
_bNLR
_c20070803
_2rusmarc
801 1 _aRU
_bInfoComm
_c20051024
801 0 _aRU
_bNLR
_gPSBO
852 _aNLR
_jП41/301
942 _cJOURNAL
980 _aRUSPER